Normal view
MARC view
- الغزالي، عبد الحميد
Entry Personal Name
001 - CONTROL NUMBER
- control field: 27845
003 - CONTROL NUMBER IDENTIFIER
- control field: JO-AjAnu
005 - DATE AND TIME OF LATEST TRANSACTION
- control field: 20230606074727.0
008 - FIXED-LENGTH DATA ELEMENTS
- fixed length control field: 230606|| aca||aabn | a|a d
040 ## - CATALOGING SOURCE
- Original cataloging agency: JO-AjAnu
- Transcribing agency: JO-AjAnu
100 ## - HEADING--PERSONAL NAME
- Personal name: الغزالي، عبد الحميد
670 ## - SOURCE DATA FOUND
- Source citation: Work cat.: (JO-AjAnu)14297: الغزالي، عبد الحميد, author, الأرباح والفوائد المصرفية بين التحليل الإقتصادي والحكم الشرعي